Micronations by Flag #1 - Statistics

General Stats
  • This quiz has been taken 20 times
  • The average score is 5 of 20
Answer Stats
Picture Answer % Correct
Conch Republic
71%
Freetown Christiania
57%
Ironland
57%
Ladonia
43%
Principality of Freedonia
43%
Principality of Seborga
43%
Space Kingdom of Asgardia
29%
Zaqistan
29%
Empire of Atlantium
14%
Free Borough of Llanrwst
14%
Holy Empire of Reunion
14%
Independent State of Aramoana
14%
Islands of Refreshment
14%
Keraton Agung Sejagat
14%
Kingdom of Elleore
14%
Nutopia
14%
Principality of Outer Baldonia
14%
Sultanate of M'Simbati
14%
Elgaland-Vargaland
0%
Rüterberg
0%
No matching quizzes found
Score Distribution
Percent of People with Each Score
Percentile by Number Answered
Your Score History
You have not taken this quiz